Catalog

Record Details

Catalog Search



Die Theologie der Apostel  Cover Image Book Book

Die Theologie der Apostel / von D. A. Schlatter

Schlatter, Adolf (Author).

Record details

  • Physical Description: 562 s.
  • Edition: 2. Aufl.
  • Publisher: Stuttgart Calwer Vereinsbuchhandlung 1922

Available copies

  • 1 of 1 copy available at Common Catalog SPOK.

Holds

  • 0 current holds with 1 total copy.
Show Only Available Copies
Location Call Number / Copy Notes Barcode Shelving Location Status Due Date
ETS Library 230.0415 424470009100 Volný výběr Available -

LDR 00638nam a2 00241
00142752
003CZ-PrJAB
00520030428000000.0
008010319s1922 xr e |||| |ger
009ge
035 . ‡a(CONS)9169
035 . ‡aKPS8324
040 . ‡aABG450
041 . ‡ager
08214. ‡a230.0415
100 . ‡72221 ‡aSchlatter, Adolf
245 . ‡aDie Theologie der Apostel / ‡cvon D. A. Schlatter
250 . ‡a2. Aufl.
260 . ‡aStuttgart ‡bCalwer Vereinsbuchhandlung ‡c1922
300 . ‡a562 s.
653 . ‡aDie Theologie der Apostel
8524 . ‡bETS ‡bETS ‡cVolný výběr ‡j230.0415 ‡gA ‡p424470009100
910 . ‡aABG450
999 . ‡a9169 ‡bAUTOGEN ‡c9169 ‡tbiblio
905 . ‡uadmin
901 . ‡a42752 ‡b ‡c42752 ‡tbiblio ‡sets

Additional Resources